| 000 | 00774nam a2200229Ia 4500 | ||
|---|---|---|---|
| 003 | OSt | ||
| 005 | 20220927105831.0 | ||
| 006 | a|||||r|||| 00| 0 | ||
| 007 | ta | ||
| 008 | 220926b |||||||| |||| 00| 0 eng d | ||
| 024 | _a196954 | ||
| 037 | _cReference Collections | ||
| 040 |
_aRTL _cRTL _beng |
||
| 041 |
_2eng _aeng |
||
| 082 | _a"Y15:3(NW).235.N, Q0/Th" | ||
| 100 |
_aBHIRDIKAR Urmila _9375395 |
||
| 245 | 0 | _aSociological study of the practice of female impersonation in Marathi theatre in the late 19th and early 20th century | |
| 260 |
_a"Delhi," _b"University of Delhi, " _c2010 |
||
| 300 |
_a"iii, 195p" _ccm. |
||
| 942 |
_h"Y15:3(NW).235.N, Q0/Th" _cCC |
||
| 999 |
_c694947 _d694947 |
||